| LEADER 00000nama 2200000uu 4500 |
| 008 040531s|||| th m m a000 0 tha d |
| 020 978-032-307-1505
|
| 041 eng
|
| 050 WY19 N974 2011
|
| 100 Ackley,Betty J.
|
| 245 Nursing Diagnosis handbook : an Evidence-Based Guide to Planning Care/Betty J. Ackley,Gail B.Ladwig.
|
| 246 0 ^aโครงการผลิตพยาบาลชุมชนฯ ครั้งที่1/2553.
|
| 250 ^a9 th ed.
|
| 260 America. Mosby Elsevier. 2011.
|
| 300 ^a931 p.
|
| 500 ^aโครงการผลิตพยาบาลชุมชนฯ ครั้งที่1/2553.
|
| 600 I.Ackly,Betty J. II.Ladwig,Gail B.
|
| 650 1.nursing Diagnosis--Handbooks 2.Nursing diagnosis--Handbooks,manuals.ect. 3.nursing care
|
| 995 001
|
| 999 ^aใช้งานได้ทุกระบบ
|